|
|
|
|
| LEADER |
00000nam0a2200000 4500 |
| 001 |
309729 |
| 005 |
20260326071550.0 |
| 035 |
|
|
|a (RuTPU)RU\TPU\book\335068
|
| 090 |
|
|
|a 309729
|
| 100 |
|
|
|a 20151117d1982 km y0rusy50 ca
|
| 101 |
0 |
|
|a rus
|
| 102 |
|
|
|a RU
|
| 105 |
|
|
|a a z 001zb
|
| 200 |
1 |
|
|a Карл Маркс. Краткий биографический очерк с изложением марксизма
|f В. И. Ленин
|
| 210 |
|
|
|a Москва
|c Книга
|d 1982
|
| 215 |
|
|
|a 249 с.
|c ил.
|
| 320 |
|
|
|a Библиография в примечаниях.
|
| 606 |
1 |
|
|a Маркс К.
|x Жизнь и деятельность
|2 stltpush
|3 (RuTPU)RU\TPU\subj\39700
|9 59660
|
| 606 |
|
|
|a Ленин В. И.
|j Отдельные произведения
|7 ca
|8 rus
|9 86288
|
| 610 |
1 |
|
|a биографические очерки
|
| 610 |
1 |
|
|a политические деятели
|
| 610 |
1 |
|
|a философы
|
| 610 |
1 |
|
|a марксизм
|
| 610 |
1 |
|
|a Германия
|
| 610 |
1 |
|
|a 19 век
|
| 610 |
1 |
|
|a история
|
| 686 |
|
|
|a Ю3(0)6-602.33
|2 rubbk
|
| 686 |
|
|
|a Т3(2)6-8Ленин156
|2 rubbk
|
| 700 |
|
1 |
|a Ленин
|b В. И.
|g Владимир Ильич
|
| 801 |
|
1 |
|a RU
|b 63413507
|c 20151117
|
| 801 |
|
2 |
|a RU
|b 63413507
|c 20191114
|g RCR
|
| 942 |
|
|
|c BK
|